[Event "JBLN Ost 1819"]
[Site "Germany"]
[Date "2019.03.02"]
[Round "8.4"]
[White "Verbitzky, Jaroslaw"]
[Black "Hundrieser, Malte"]
[Result "1/2-1/2"]
[WhiteElo "1933"]
[BlackElo "2003"]
[PlyCount "60"]
[EventDate "2018.09.29"]
[EventType "team-tourn"]
[EventRounds "9"]
[EventCountry "GER"]
[SourceTitle "CBM 189 Extra"]
[Source "ChessBase"]
[SourceDate "2019.06.03"]
[SourceVersion "1"]
[SourceVersionDate "2019.06.03"]
[SourceQuality "1"]
[WhiteTeam "Berlin Mattnetz"]
[BlackTeam "Reideburg 90 Halle"]
[WhiteTeamCountry "GER"]
[BlackTeamCountry "GER"]

1. e4 c5 2. Nf3 Nc6 3. d4 cxd4 4. Nxd4 g6 5. c4 Bg7 6. Be3 d6 7. Nc3 Nf6 8. Be2 0-0 9. 0-0 Nxd4 10. Bxd4 Be6 11. f3 Qa5 12. Nd5 Bxd5 13. cxd5 Nd7 14. Bxg7 Kxg7 15. Qd4+ Kg8 16. a4 Rfc8 17. b4 Qd8 18. Rfc1 a5 19. Bb5 axb4 20. Rxc8 Rxc8 21. Bxd7 Qxd7 22. Qxb4 Rc2 23. Rb1 Qc7 24. Rb2 Rc4 25. Qb6 Rc1+ 26. Kf2 Qc3 27. Re2 Qd3 28. Qe3 Qd1 29. Re1 Qc2+ 30. Re2 Qd1 1/2-1/2

[Event "GER-chT U16"]
[Site "Aurich"]
[Date "2018.12.27"]
[Round "2.3"]
[White "Hundrieser, Malte"]
[Black "Von Freymann, Franz"]
[Result "1-0"]
[WhiteElo "1988"]
[BlackElo "1819"]
[PlyCount "77"]
[EventDate "2018.12.27"]
[EventType "team-swiss"]
[EventRounds "7"]
[EventCountry "GER"]
[SourceTitle "CBM 188 Extra"]
[Source "ChessBase"]
[SourceDate "2019.02.26"]
[SourceVersion "1"]
[SourceVersionDate "2019.02.26"]
[SourceQuality "1"]
[WhiteTeam "Halle Reideburger"]
[BlackTeam "Tegernsee"]
[WhiteTeamCountry "GER"]
[BlackTeamCountry "GER"]

1. e4 c6 2. d4 d5 3. Nc3 dxe4 4. Nxe4 Bf5 5. Ng3 Bg6 6. h4 h6 7. Nf3 Nf6 8. h5 Bh7 9. Bd3 Bxd3 10. Qxd3 e6 11. Bd2 Nbd7 12. 0-0-0 Qc7 13. Kb1 c5 14. Ne4 c4 15. Qe2 Nxe4 16. Qxe4 Nf6 17. Qe2 Rc8 18. Ne5 Nd5 19. Rh3 Bd6 20. Rg3 Rg8 21. Bxh6 f6 22. Qg4 fxe5 23. Qxe6+ Ne7 24. dxe5 Bxe5 25. Re1 Bxg3 26. Qxg8+ Kd7 27. Qxg7 Bd6 28. Qg4+ Kd8 29. Qe6 Qd7 30. Qf6 Kc7 31. Bf4 Nd5 32. Bxd6+ Qxd6 33. Qd4 Nb6 34. Qg7+ Kb8 35. g4 Rd8 36. a3 Na4 37. h6 c3 38. h7 Qd2 39. Qe5+ 1-0

[Event "Sachsen-Anhalt Verbandsliga 18/19"]
[Site "Sachsen Anhalt"]
[Date "2018.11.25"]
[Round "3.6"]
[White "Deutsch, Joey"]
[Black "Hundrieser, Malte"]
[Result "1-0"]
[WhiteElo "1940"]
[BlackElo "1988"]
[PlyCount "95"]
[EventDate "2018.10.21"]
[EventType "team-tourn"]
[EventRounds "9"]
[EventCountry "GER"]
[SourceTitle "EXT 2022"]
[Source "ChessBase"]
[SourceDate "2021.10.06"]
[SourceVersion "1"]
[SourceVersionDate "2021.10.06"]
[SourceQuality "1"]
[WhiteTeam "Loeberitz II"]
[BlackTeam "Reideburg 90 Halle"]
[WhiteTeamCountry "GER"]
[BlackTeamCountry "GER"]

1. d4 Nf6 2. c4 e6 3. g3 b6 4. Bg2 d5 5. Nf3 Be7 6. 0-0 0-0 7. Qc2 Bb7 8. Nbd2 c5 9. Rd1 Na6 10. cxd5 exd5 11. b3 Rc8 12. Qb1 Qc7 13. Bh3 Rcd8 14. Ba3 Rfe8 15. e3 Ne4 16. Qb2 Bf6 17. Bf1 Nb4 18. Rac1 Qd6 19. Qa1 a5 20. Bb2 Ba6 21. dxc5 Bxb2 22. Qxb2 bxc5 23. Nxe4 Rxe4 24. Bxa6 Nxa6 25. Qa3 Qb6 26. Ne1 Qb4 27. Qxb4 axb4 28. Nd3 c4 29. bxc4 Rxc4 30. Nf4 Rxc1 31. Rxc1 g5 32. Ne2 Rd6 33. Nd4 h6 34. Kf1 Kh7 35. Rc8 Kg6 36. Ke2 Kf6 37. Kd3 Kg6 38. Rg8+ Kf6 39. Rc8 Kg6 40. Kc2 Kf6 41. Kb3 Ke5 42. f3 Kf6 43. Rc6 Rxc6 44. Nxc6 Kf5 45. Nxb4 Nxb4 46. Kxb4 g4 47. fxg4+ Ke4 48. Kc5 1-0

[Event "JBLN Ost 1819"]
[Site "Germany"]
[Date "2018.11.03"]
[Round "3.4"]
[White "Hundrieser, Malte"]
[Black "Lilienthal, Niels Bennett"]
[Result "1-0"]
[WhiteElo "2003"]
[BlackElo "1620"]
[PlyCount "67"]
[EventDate "2018.09.29"]
[EventType "team-tourn"]
[EventRounds "9"]
[EventCountry "GER"]
[SourceTitle "CBM 189 Extra"]
[Source "ChessBase"]
[SourceDate "2019.06.03"]
[SourceVersion "1"]
[SourceVersionDate "2019.06.03"]
[SourceQuality "1"]
[WhiteTeam "Reideburg 90 Halle"]
[BlackTeam "Borussia Lichtenberg"]
[WhiteTeamCountry "GER"]
[BlackTeamCountry "GER"]

1. e4 e5 2. Nf3 Nc6 3. d4 exd4 4. Nxd4 Bc5 5. Nb3 Bb6 6. Nc3 Nf6 7. Qe2 d6 8. Be3 Be6 9. 0-0-0 Qe7 10. f3 Nd7 11. f4 f5 12. Bxb6 Nxb6 13. exf5 Bxf5 14. Qf2 0-0-0 15. Bb5 Bd7 16. Rhe1 Qf7 17. Nd4 Nxd4 18. Bxd7+ Rxd7 19. Qxd4 Re8 20. g3 Rde7 21. Rxe7 Rxe7 22. Kb1 a6 23. Ne4 Qh5 24. Rc1 Qxh2 25. Nxd6+ cxd6 26. Qxd6 Rd7 27. Qxb6 Qxg3 28. Qc5+ Kd8 29. Qe5 Qf3 30. Qb8+ Ke7 31. Re1+ Kf6 32. Qe5+ Kf7 33. Qf5+ Kg8 34. Re8# 1-0

[Event "JBLN Ost 1819"]
[Site "Germany"]
[Date "2018.10.13"]
[Round "2.3"]
[White "Hundrieser, Malte"]
[Black "Wagner, Benjamin"]
[Result "0-1"]
[WhiteElo "2003"]
[BlackElo "2122"]
[PlyCount "60"]
[EventDate "2018.09.29"]
[EventType "team-tourn"]
[EventRounds "9"]
[EventCountry "GER"]
[SourceTitle "CBM 189 Extra"]
[Source "ChessBase"]
[SourceDate "2019.06.03"]
[SourceVersion "1"]
[SourceVersionDate "2019.06.03"]
[SourceQuality "1"]
[WhiteTeam "Reideburg 90 Halle"]
[BlackTeam "Magdeburg Aufbau Elbe"]
[WhiteTeamCountry "GER"]
[BlackTeamCountry "GER"]

1. e4 e5 2. Nf3 Nc6 3. d4 exd4 4. Nxd4 Bc5 5. Nb3 Bb6 6. Nc3 Nf6 7. Qe2 d6 8. Be3 0-0 9. f3 Be6 10. 0-0-0 Nd7 11. h4 a5 12. Nd4 Nxd4 13. Bxd4 Re8 14. h5 a4 15. a3 Bxd4 16. Rxd4 Nc5 17. f4 Qd7 18. Qd2 Qe7 19. f5 Bd7 20. Nd5 Qd8 21. Qf4 Bc6 22. Bc4 Bxd5 23. Bxd5 Qf6 24. Rhd1 h6 25. Rb4 Rab8 26. Re1 c6 27. Ba2 Re5 28. Qd2 Rbe8 29. Rd4 Nxe4 30. Qb4 c5 0-1

[Event "Sachsen-Anhalt Verbandsliga 2017/18"]
[Site "Sachsen Anhalt"]
[Date "2018.01.21"]
[Round "4.7"]
[White "Buescher, Sven"]
[Black "Hundrieser, Malte"]
[Result "1/2-1/2"]
[WhiteElo "1758"]
[BlackElo "2005"]
[PlyCount "82"]
[EventDate "2017.12.22"]
[EventType "team-tourn"]
[EventRounds "9"]
[EventCountry "GER"]
[SourceTitle "EXT 2020"]
[Source "ChessBase"]
[SourceDate "2019.10.17"]
[SourceVersion "1"]
[SourceVersionDate "2019.10.17"]
[SourceQuality "1"]
[WhiteTeam "Merseburg"]
[BlackTeam "Reideburg 90 Halle"]
[WhiteTeamCountry "GER"]
[BlackTeamCountry "GER"]

1. d4 Nf6 2. Bf4 d5 3. e3 c5 4. c3 Bf5 5. Bd3 Bxd3 6. Qxd3 Nc6 7. Nd2 e6 8. Ngf3 Be7 9. h3 0-0 10. 0-0 a6 11. a4 Nh5 12. Bh2 c4 13. Qc2 f5 14. Ne5 Nxe5 15. Bxe5 b5 16. b3 Nf6 17. Bxf6 gxf6 18. axb5 axb5 19. b4 Qb6 20. Ra2 Ra6 21. Rfa1 Rfa8 22. Kf1 Qd6 23. Nf3 Kf7 24. g3 R8a7 25. Nd2 h5 26. h4 Kg6 27. Nf3 Qc6 28. Kg2 Bd6 29. Ng1 Qa8 30. Rxa6 Rxa6 31. Rxa6 Qxa6 32. Ne2 Qa3 33. Nf4+ Bxf4 34. exf4 Kg7 35. Qd2 Kg6 36. Qe3 Qa6 37. Kh2 Qd6 38. Kg2 Qa6 39. Qe1 Kg7 40. Qe2 Kg6 41. Qe3 Qb6 1/2-1/2

[Event "GER-chT Lands U20"]
[Site "Hannover"]
[Date "2016.10.02"]
[Round "2.5"]
[White "Koll, Lukas"]
[Black "Hundrieser, Malte"]
[Result "1/2-1/2"]
[WhiteElo "1820"]
[BlackElo "1754"]
[PlyCount "99"]
[EventDate "2016.10.01"]
[EventType "team-swiss"]
[EventRounds "7"]
[EventCountry "GER"]
[SourceTitle "CBM 174 Extra"]
[Source "ChessBase"]
[SourceDate "2016.10.10"]
[SourceVersion "1"]
[SourceVersionDate "2016.10.10"]
[SourceQuality "1"]
[WhiteTeam "Baden II"]
[BlackTeam "Sachsen Anhalt"]
[WhiteTeamCountry "GER"]
[BlackTeamCountry "GER"]

1. Nf3 Nf6 2. g3 d5 3. Bg2 c5 4. 0-0 Nc6 5. d4 e6 6. b3 cxd4 7. Nxd4 Bc5 8. Nxc6 bxc6 9. c4 0-0 10. cxd5 exd5 11. Ba3 Bxa3 12. Nxa3 Qe7 13. Nc2 Re8 14. e3 Ba6 15. Re1 Rad8 16. b4 Ne4 17. Nd4 Rc8 18. a3 c5 19. Nf5 Qe5 20. Bxe4 dxe4 21. Qd6 Qxf5 22. Qxa6 cxb4 23. axb4 h5 24. Rac1 Rxc1 25. Rxc1 h4 26. Qd6 h3 27. Qf4 Qd7 28. g4 Qd2 29. Rf1 Qxb4 30. Qg3 a5 31. Qxh3 a4 32. Ra1 a3 33. Qf1 Ra8 34. Ra2 Qb3 35. Qa1 Kh7 36. Kg2 g6 37. h3 f5 38. Rd2 Qb5 39. Qf6 Qe8 40. gxf5 a2 41. Rd1 gxf5 42. Qxf5+ Qg6+ 43. Qxg6+ Kxg6 44. Ra1 Kg5 45. Kg3 Kf5 46. h4 Ke5 47. h5 Kd5 48. Kf4 Rf8+ 49. Kg3 Ra8 50. f4 1/2-1/2

[Event "GER-ch U12"]
[Site "Willingen"]
[Date "2016.05.21"]
[Round "11"]
[White "Popist, Florian"]
[Black "Hundrieser, Malte"]
[Result "1/2-1/2"]
[WhiteElo "1619"]
[BlackElo "1716"]
[PlyCount "43"]
[EventDate "2016.05.15"]
[EventType "swiss"]
[EventRounds "11"]
[EventCountry "GER"]
[SourceTitle "CBM 172 Extra"]
[Source "ChessBase"]
[SourceDate "2016.06.21"]
[SourceVersion "1"]
[SourceVersionDate "2016.06.21"]
[SourceQuality "1"]

1. e4 c5 2. Nf3 Nc6 3. Bb5 g6 4. 0-0 Bg7 5. Re1 d6 6. c3 Nf6 7. d4 cxd4 8. cxd4 0-0 9. Nc3 Bg4 10. Be3 d5 11. e5 Ne4 12. Bxc6 bxc6 13. h3 Nxc3 14. bxc3 Bf5 15. g4 Bc8 16. Qa4 Bd7 17. Qc2 Qa5 18. Nd2 Rfc8 19. Nb3 Qc7 20. Qd2 a5 21. Nc5 Rcb8 22. Rab1 1/2-1/2

[Event "GER-ch U12"]
[Site "Willingen"]
[Date "2016.05.19"]
[Round "8"]
[White "Hundrieser, Malte"]
[Black "Hetzner, Hannes"]
[Result "1-0"]
[WhiteElo "1716"]
[BlackElo "1572"]
[PlyCount "45"]
[EventDate "2016.05.15"]
[EventType "swiss"]
[EventRounds "11"]
[EventCountry "GER"]
[SourceTitle "CBM 172 Extra"]
[Source "ChessBase"]
[SourceDate "2016.06.21"]
[SourceVersion "1"]
[SourceVersionDate "2016.06.21"]
[SourceQuality "1"]

1. e4 e6 2. d4 d5 3. Nd2 dxe4 4. Nxe4 Nd7 5. Nf3 Ngf6 6. Nxf6+ Nxf6 7. Bd3 c5 8. Be3 Ng4 9. 0-0 Nxe3 10. fxe3 Bd6 11. Ne5 Bxe5 12. dxe5 0-0 13. Qh5 h6 14. h4 Qd5 15. Rad1 Qc6 16. Rf4 Qc7 17. Rg4 f5 18. exf6 Rxf6 19. Qe8+ Rf8 20. Bh7+ Kxh7 21. Qxf8 e5 22. Rg3 e4 23. Qf4 1-0

[Event "GER-ch U12"]
[Site "Willingen"]
[Date "2016.05.15"]
[Round "2"]
[White "Hundrieser, Malte"]
[Black "Krastev, Alexander"]
[Result "1/2-1/2"]
[WhiteElo "1716"]
[BlackElo "1913"]
[PlyCount "103"]
[EventDate "2016.05.15"]
[EventType "swiss"]
[EventRounds "11"]
[EventCountry "GER"]
[SourceTitle "CBM 172 Extra"]
[Source "ChessBase"]
[SourceDate "2016.06.21"]
[SourceVersion "1"]
[SourceVersionDate "2016.06.21"]
[SourceQuality "1"]

1. e4 e5 2. Nf3 Nc6 3. d4 exd4 4. Nxd4 Nf6 5. Nxc6 bxc6 6. Qe2 Be7 7. g3 0-0 8. Bg2 a5 9. c4 Ba6 10. Nc3 Bb4 11. 0-0 d5 12. exd5 cxd5 13. Rd1 Bxc4 14. Qf3 c6 15. Bg5 Bd6 16. b3 Ba6 17. Ne2 Bxe2 18. Qxe2 h6 19. Be3 Re8 20. Rac1 Qd7 21. Qc2 Rac8 22. Bb6 Bc7 23. Qxc6 Qxc6 24. Rxc6 Bxb6 25. Rxb6 Rc2 26. Bxd5 Ree2 27. Bc4 Re8 28. Rb7 Rf8 29. Rxf7 Rxf7 30. Rd8+ Kh7 31. Bxf7 Rxa2 32. Bc4 Kg6 33. Kg2 Ng4 34. Rf8 Ne3+ 35. Kf3 Nxc4 36. bxc4 Rc2 37. Ra8 Rc3+ 38. Kg2 Rxc4 39. Rxa5 Kf6 40. h4 Rb4 41. Kh3 Rc4 42. h5 Rb4 43. Ra6+ Kf7 44. f4 Rb5 45. Kg4 Rc5 46. Kh4 Rb5 47. Ra4 Rb1 48. Ra5 Rh1+ 49. Kg4 Rh2 50. Kf3 Rh1 51. Ke4 Rg1 52. Kf3 1/2-1/2

[Event "GER-ch U25 op-A"]
[Site "Willingen"]
[Date "2015.05.24"]
[Round "2"]
[White "Biefel, Christian"]
[Black "Hundrieser, Malte"]
[Result "1-0"]
[WhiteElo "1766"]
[BlackElo "1619"]
[PlyCount "55"]
[EventDate "2015.05.24"]
[EventType "swiss"]
[EventRounds "9"]
[EventCountry "GER"]
[SourceTitle "CBM 166 Extra"]
[Source "ChessBase"]
[SourceDate "2015.06.18"]
[SourceVersion "1"]
[SourceVersionDate "2015.06.18"]
[SourceQuality "1"]

1. d4 d5 2. c4 e6 3. Nc3 Nf6 4. cxd5 exd5 5. Bg5 Be7 6. e3 0-0 7. Bd3 Be6 8. Nge2 c6 9. 0-0 Re8 10. Qc2 h6 11. Bh4 Bg4 12. f3 Bc8 13. e4 dxe4 14. fxe4 Ng4 15. Bxe7 Qxe7 16. Rf3 Qh4 17. h3 Nf6 18. e5 Nd5 19. Raf1 Be6 20. Bf5 Bxf5 21. Qxf5 Rf8 22. Nxd5 cxd5 23. e6 Nc6 24. exf7+ Kh8 25. Nf4 Ne7 26. Qe6 Kh7 27. Re3 g5 28. Qxe7 1-0

[Event "GER-chT North U12"]
[Site "Magdeburg"]
[Date "2014.09.14"]
[Round "7.2"]
[White "Hundrieser, Malte"]
[Black "Hoffmann, Vanessa"]
[Result "1-0"]
[WhiteElo "1506"]
[BlackElo "926"]
[PlyCount "117"]
[EventDate "2014.09.11"]
[EventType "team-swiss"]
[EventRounds "7"]
[EventCountry "GER"]
[SourceTitle "EXT 2016"]
[Source "ChessBase"]
[SourceDate "2015.10.08"]
[SourceVersion "1"]
[SourceVersionDate "2015.10.08"]
[SourceQuality "1"]
[WhiteTeam "Doellnitz"]
[BlackTeam "Roland Weissenfels"]
[WhiteTeamCountry "GER"]
[BlackTeamCountry "GER"]

1. c4 c5 2. Nc3 Nc6 3. g3 Nf6 4. Bg2 e6 5. d3 h6 6. Nf3 Be7 7. 0-0 0-0 8. Bf4 d5 9. cxd5 exd5 10. d4 Ne4 11. Nxe4 dxe4 12. Nd2 Nxd4 13. Nxe4 Nc6 14. Be3 b6 15. Nxc5 Bxc5 16. Bxc5 bxc5 17. Bxc6 Rb8 18. Qxd8 Rxd8 19. Rfd1 Rxd1+ 20. Rxd1 Be6 21. b3 Rb6 22. Be4 Rb8 23. f4 Bg4 24. Kf2 Kf8 25. Rc1 f5 26. Bd3 Rc8 27. b4 g5 28. Rxc5 Rxc5 29. bxc5 Ke7 30. e3 Ke6 31. c6 Kd6 32. Bb5 Kc7 33. a4 Kb6 34. Ke1 Bf3 35. fxg5 hxg5 36. h4 gxh4 37. gxh4 a6 38. c7 Kb7 39. Bxa6+ Kxc7 40. Bd3 Bg4 41. Be2 Bh3 42. Kf2 Kc6 43. Kg3 Bg4 44. Bxg4 fxg4 45. Kxg4 Kc5 46. h5 Kd6 47. h6 Ke7 48. h7 Ke6 49. h8Q Kd5 50. Qd4+ Kc6 51. Kf5 Kc7 52. Ke6 Kc6 53. Qc4+ Kb6 54. Qb5+ Kc7 55. Qc5+ Kb7 56. Kd7 Kb8 57. Qb5+ Ka8 58. Kc7 Ka7 59. Qa5# 1-0

[Event "GER-chT North U12"]
[Site "Magdeburg"]
[Date "2014.09.13"]
[Round "5.1"]
[White "Stimatz, Ravi"]
[Black "Hundrieser, Malte"]
[Result "1-0"]
[WhiteElo "1196"]
[BlackElo "1506"]
[PlyCount "77"]
[EventDate "2014.09.11"]
[EventType "team-swiss"]
[EventRounds "7"]
[EventCountry "GER"]
[SourceTitle "EXT 2016"]
[Source "ChessBase"]
[SourceDate "2015.10.08"]
[SourceVersion "1"]
[SourceVersionDate "2015.10.08"]
[SourceQuality "1"]
[WhiteTeam "Bremen West"]
[BlackTeam "Doellnitz"]
[WhiteTeamCountry "GER"]
[BlackTeamCountry "GER"]

1. e4 c6 2. d4 d5 3. exd5 cxd5 4. Nf3 Nf6 5. Nc3 Bg4 6. Be2 e6 7. Be3 Bb4 8. a3 Ba5 9. b4 Bc7 10. Ne5 Bxe2 11. Nxe2 Bxe5 12. dxe5 Nfd7 13. f4 0-0 14. 0-0 Nb6 15. c3 Nc4 16. Bd4 Nc6 17. Rf3 Ne7 18. Qc2 Nf5 19. g4 Nh6 20. Rg3 Qh4 21. Qd3 Qd8 22. h3 a5 23. Kh2 axb4 24. cxb4 Rc8 25. f5 Qg5 26. Rf1 Nd2 27. Rd1 Ne4 28. Rf3 exf5 29. gxf5 Nxf5 30. Rg1 Qh5 31. Nf4 Rc2+ 32. Kh1 Rd2 33. Nxh5 Rxd3 34. Rxd3 Rc8 35. Rf3 Nxd4 36. Rxg7+ Kh8 37. Rfxf7 Rc1+ 38. Rg1 Rc2 39. Rf8# 1-0

[Event "GER-ch U10"]
[Site "Magdeburg"]
[Date "2014.06.11"]
[Round "7"]
[White "Hundrieser, Malte"]
[Black "Kunisch, Nina"]
[Result "1-0"]
[WhiteElo "1429"]
[BlackElo "1201"]
[PlyCount "121"]
[EventDate "2014.06.08"]
[EventType "swiss"]
[EventRounds "11"]
[EventCountry "GER"]
[SourceTitle "CBM 160 Extra"]
[Source "ChessBase"]
[SourceDate "2014.07.01"]
[SourceVersion "1"]
[SourceVersionDate "2014.07.01"]
[SourceQuality "1"]

1. e4 c6 2. d4 d5 3. Nc3 dxe4 4. Nxe4 Bf5 5. Ng3 Bg6 6. Nf3 Nf6 7. Bd3 Bxd3 8. Qxd3 e6 9. 0-0 Bd6 10. Ne4 Nxe4 11. Qxe4 Nd7 12. Bd2 Nf6 13. Qd3 0-0 14. Rfe1 c5 15. dxc5 Bxc5 16. Qb3 b6 17. Rad1 Qc7 18. h3 a5 19. Bc3 a4 20. Qb5 Nd5 21. Qd3 Rad8 22. Ng5 Nf6 23. Qf3 Rxd1 24. Rxd1 e5 25. Qf5 Bd4 26. Bxd4 exd4 27. Rxd4 Re8 28. f3 Qg3 29. Ne4 Qe1+ 30. Kh2 Nxe4 31. Rxe4 Rxe4 32. Qxe4 Qxe4 33. fxe4 f6 34. Kg3 Kf7 35. Kf3 Ke6 36. Ke3 Kd6 37. Kd4 b5 38. b3 a3 39. c4 bxc4 40. Kxc4 Kc6 41. b4 g6 42. Kb3 Kb5 43. Kxa3 h6 44. Kb3 g5 45. a4+ Kb6 46. Kc4 h5 47. a5+ Kc6 48. b5+ Kc7 49. Kc5 g4 50. a6 gxh3 51. gxh3 h4 52. b6+ Kb8 53. Kc6 Kc8 54. b7+ Kd8 55. b8Q+ Ke7 56. Qd6+ Kf7 57. a7 Kg6 58. a8Q Kg5 59. Qg8+ Kh5 60. Qde6 f5 61. Qeg6# 1-0

[Event "GER-chT U10"]
[Site "Magdeburg"]
[Date "2013.12.27"]
[Round "1.2"]
[White "Hundrieser, Malte"]
[Black "Wilhelm, Anna Lena"]
[Result "1-0"]
[WhiteElo "1224"]
[BlackElo "793"]
[PlyCount "73"]
[EventDate "2013.12.27"]
[EventType "team-swiss"]
[EventRounds "5"]
[EventCountry "GER"]
[SourceTitle "EXT 2015"]
[Source "ChessBase"]
[SourceDate "2014.11.20"]
[SourceVersion "1"]
[SourceVersionDate "2014.11.20"]
[SourceQuality "1"]
[WhiteTeam "Doellnitz"]
[BlackTeam "Stadtilm Blau Weiss II"]
[WhiteTeamCountry "GER"]
[BlackTeamCountry "GER"]

1. c4 Nf6 2. Nc3 e5 3. g3 Bc5 4. Bg2 Nc6 5. d3 d6 6. Nf3 Bg4 7. 0-0 Qd7 8. Re1 0-0-0 9. Ng5 Rdg8 10. Nce4 Bd4 11. Rb1 Bf5 12. Nxf6 gxf6 13. Ne4 Qe6 14. b4 d5 15. cxd5 Bxf2+ 16. Kxf2 Qxd5 17. Nxf6 Qd4+ 18. Be3 Qd8 19. Nxg8 Qxg8 20. b5 Na5 21. Rc1 Qg6 22. Qc2 c6 23. bxc6 bxc6 24. Bxc6 Nxc6 25. Qxc6+ Qxc6 26. Rxc6+ Kd7 27. Ra6 Kc8 28. Rc1+ Kd8 29. Rxa7 Ke8 30. Ra8+ Ke7 31. Rxh8 Be6 32. Bg5+ f6 33. Rxh7+ Kd8 34. Bxf6+ Ke8 35. Rb1 Bc8 36. Rb8 Kf8 37. Rxc8# 1-0